Determination of Velocity Profile for the improvement of Flow Quality of CAE 2x3 Subsonic Wind Tunnel. (2) To facilitate the Yawing motion of an aircraft model in the wind tunnel by fabricating and installing a rotating plateform and directional stability test of F-6 and F-7P AIRCRAFT MODELS (Record no. 326401)
[ view plain ]
| 000 -LEADER | |
|---|---|
| fixed length control field | 00606 a2200133 4500 |
| 001 - CONTROL NUMBER | |
| control field | 91328 |
| 082 ## - DEWEY DECIMAL CLASSIFICATION NUMBER | |
| Classification number | PR 1224 |
| 090 ## - LOCALLY ASSIGNED LC-TYPE CALL NUMBER (OCLC); LOCAL CALL NUMBER (RLIN) | |
| -- | 43443 |
| -- | 43442 |
| 100 ## - MAIN ENTRY--PERSONAL NAME | |
| Personal name | Nauman Ahmed; Prof Shakeel (Advisor) |
| 245 ## - TITLE STATEMENT | |
| Title | Determination of Velocity Profile for the improvement of Flow Quality of CAE 2x3 Subsonic Wind Tunnel. (2) To facilitate the Yawing motion of an aircraft model in the wind tunnel by fabricating and installing a rotating plateform and directional stability test of F-6 and F-7P AIRCRAFT MODELS |
| Number of part/section of a work | 44 "A" EC |
| 260 ## - PUBLICATION, DISTRIBUTION, ETC. | |
| Place of publication, distribution, etc. | Karachi |
| Name of publisher, distributor, etc. | NED University |
| Date of publication, distribution, etc. | 1996 |
| 300 ## - PHYSICAL DESCRIPTION | |
| Extent | 73p |
| 500 ## - GENERAL NOTE | |
| General note | BE Project Reports |
| 942 ## - ADDED ENTRY ELEMENTS (KOHA) | |
| Institution code [OBSOLETE] | CAE NUST |
| Call number prefix | PR 1224 |
| Withdrawn status | Lost status | Damaged status | Not for loan | Collection code | Permanent Location | Current Location | Date acquired | Total Checkouts | Full call number | Barcode | Date last seen | Price effective from | Koha item type |
|---|---|---|---|---|---|---|---|---|---|---|---|---|---|
| College of Aeronautical Engineering (CAE) | College of Aeronautical Engineering (CAE) | 04/03/2017 | PR 1224 | CAEPR-1224 | 04/05/2017 | 04/05/2017 | Book |
